International economics: trade and finance / (Record no. 168)

000 -LEADER
fixed length control field 00469 a2200157 4500
008 - FIXED-LENGTH DATA ELEMENTS--GENERAL INFORMATION
fixed length control field 220922b ||||| |||| 00| 0 eng d
020 ## - INTERNATIONAL STANDARD BOOK NUMBER
International Standard Book Number 9788126552344
082 00 - DEWEY DECIMAL CLASSIFICATION NUMBER
Classification number 337
Item number S1828
100 ## - MAIN ENTRY--PERSONAL NAME
Personal name Dominick, Salvatore
245 ## - TITLE STATEMENT
Title International economics: trade and finance /
250 ## - EDITION STATEMENT
Edition statement 11th ed.
260 ## - PUBLICATION, DISTRIBUTION, ETC. (IMPRINT)
Place of publication, distribution, etc New Delhi:
Name of publisher, distributor, etc Wiley India Pvt. Ltd.,
Date of publication, distribution, etc 2017.
300 ## - PHYSICAL DESCRIPTION
Extent xxxix, 757 p.
650 #0 - SUBJECT ADDED ENTRY--TOPICAL TERM
Topical term or geographic name as entry element International Economics Relations
942 ## - ADDED ENTRY ELEMENTS (KOHA)
Source of classification or shelving scheme
Item type Books
Holdings
Withdrawn status Lost status Source of classification or shelving scheme Damaged status Not for loan Permanent location Current location Date acquired Source of acquisition Cost, normal purchase price Total Checkouts Total Renewals Full call number Barcode Date last seen Date last borrowed Cost, replacement price Koha item type Checked out
          IMU Kolkata IMU Kolkata 2018-04-23 Apex Book Services 687.96 12 9 337 S1828 13025 2026-02-04 2026-01-21 819.00 Books  
          IMU Kolkata IMU Kolkata 2018-04-23 Apex Book Services 687.96 5 5 337 S1828 13026 2026-02-04 2026-01-21 819.00 Books  
          IMU Kolkata IMU Kolkata 2018-04-23 Apex Book Services 687.96 11 2 337 S1828 13027 2026-04-27 2026-04-09 819.00 Books  
          IMU Kolkata IMU Kolkata 2018-04-23 Apex Book Services 687.96 9 3 337 S1828 13028 2026-04-27 2026-04-27 819.00 Books 2026-05-12
Designed and Maintained by IMU-KC Library, Kolkata Campus © Copyright All Rights Reserved

webs counters

Powered by Koha